| 000 | 00589nam a2200229Ia 4500 | ||
|---|---|---|---|
| 003 | OSt | ||
| 005 | 20220916111036.0 | ||
| 006 | a|||||r|||| 00| 0 | ||
| 007 | ta | ||
| 008 | 220915b |||||||| |||| 00| 0 eng d | ||
| 024 | _a126851 | ||
| 037 | _cTextbook | ||
| 040 |
_beng _aARTS _cARTS |
||
| 041 | _aeng | ||
| 082 | _aV6596CD:1:N3, H3 (906) | ||
| 100 | _aLengyel Emil | ||
| 245 | 0 | _aDakar : Outpost of two hemispheres | |
| 260 |
_aNA _bNA |
||
| 650 | _aHISTORY | ||
| 942 |
_hV6596CD:1:N3, H3 (906) _cTB _2CC |
||
| 999 |
_c104291 _d104291 |
||